Premeny Zemplína týždenník okresu Trebišov

Bibliographic Details
New Title:Nový Zemplín
Previous Title:Premeny južného Zemplína
Format: Journal
Language:Slovak
PhysicalDescription:1 zv. 31 cm
Published: Trebišov Okresný úrad 1991
Subjects:

MARC

LEADER 00000cas a2200000 a 4500
001 vtls010211058
003 SK-MaSNL
005 20260228161157.0
008 110214d19911991xo wr p 0 b0slo
040 |a SVKBB  |b slo  |c SVKBB  |d SNK  |e AACR2 
041 0 |a slo 
043 |a e-xo--- 
044 |a xo  |c SK 
072 7 |a 316.3  |x Globálne spoločnosti. Sociálna štruktúra. Sociálne skupiny  |2 konspekt 
072 7 |a 394  |x Verejný a spoločenský život. Každodenný život  |2 konspekt 
072 7 |a 352/354  |x Stupne miestnej, oblastnej a ústrednej správy  |2 konspekt 
080 |a 316.728  |2 2011 
080 |a (437.6)  |2 2011 
080 |a 352  |2 2011 
080 |a (051)+(054)(437.6)  |2 2011 
080 |a 394  |2 2011 
245 0 0 |a Premeny Zemplína  |b týždenník okresu Trebišov 
260 |a Trebišov  |b Okresný úrad  |c 1991 
300 |a 1 zv.  |c 31 cm 
310 |a 1x týždenne 
362 0 |a Roč. XXXII, č. 1 (4.1.1991)-roč. XXXII, č. 26 (26.6.1991) 
650 0 7 |a každodenný život  |2 SNKPH  |9 4946 
650 0 7 |a spoločenský život  |2 SNKPH  |9 28654 
650 0 7 |a verejný život  |2 SNKPH  |9 265932 
650 0 7 |a miestna správa  |2 SNKPH  |9 29496 
651 7 |a Zemplín (Slovensko : región)  |2 SNKPHgeo  |9 16697 
651 7 |a Trebišov (Slovensko : okres)  |2 SNKPHgeo  |9 56230 
655 7 |a regionálne periodiká  |2 SNKPH  |9 131775 
780 0 0 |t Premeny južného Zemplína  |w vtls001303900 
785 0 0 |t Nový Zemplín  |w vtls001303901 
910 |a snk 
910 |a svkbb 
916 |a 1991 
999 |c 4571  |d 6501 
952 |0 0  |1 0  |4 0  |7 0  |a SNK  |b SNK  |d 2022-11-07  |f 1  |i snkČSP 1714/72  |l 0  |o snkČSA 600/32/1991  |p 17A0759371  |r 2026-02-21 20:17:53  |t č. 1-26  |w 2026-02-21  |y PREZ